00627cam a2200193ua 4500001000400000008003900004040000900043082001400052245008400066250000900150260004500159300001700204653002300221653002900244700002700273942000700300999001300307952011300320407110331n ii |||gr||||Z||||||eng cMAIN a327.0904111aInternational relations and world politics since 1919.cBy Sailendra Nath Dhar. a2nd. aNew Delhi.:bAsia publishins house.,967. a754 p.:9 cm. aPolitical science. aInternational relations.1 aDhar, Sailendra Nath., cBK c352d352 00104070aMAINbMAINcGEN | 2d2020-09-19l0o327.09041 | DHAp101r2020-09-19 00:00:00t1w2020-09-19yBK